| 000 | 01648nas a2200277Ia 4500 | ||
|---|---|---|---|
| 001 | L248-27569 | ||
| 003 | IT-CnALBA | ||
| 008 | 170116c99999999xx |||||||||||| ||und|| | ||
| 040 |
_aIT-CnALBA _cIT-CnALBA |
||
| 041 | _aITALIANO | ||
| 100 | _aCASTELLANO CERVERA JESUS | ||
| 210 | _aRIVISTA DI VITA SPIRITUALE | ||
| 222 | _aRIVISTA DI VITA SPIRITUALE | ||
| 245 | 0 | _aRIVISTA DI VITA SPIRITUALE. LUGLIO-OTTOBRE 1988. MARIA MADRE DEL REDENTORE. | |
| 250 | _a1a ed. | ||
| 260 |
_a ROMA FI _bOCD. EDIZI. CARMEL. SCALZI _c1988 [1° Ed.:1988 - Ed.Ling.Originale: 1988] |
||
| 300 | _a183 p. | ||
| 310 | _aBIMESTRALE | ||
| 362 | _aFascicolo: 4-5 / Anno: 41 (1988) | ||
| 500 | _aTONIOLO L.E. MORICONI G.B. MORETTI R. ANCILLI E. MARA M.G. CAMOSSI D. SPIRITUALITÀ MARIANA SECONDO "LA MADRE DEL REDENTORE". MARIA E LA STORIA DELLA SALVEZZA. SPIRITUALITÀ ORIENTALE. CAPOLAVORO DELLO SPIRITO. CAMMINO DI FEDE. PREGHIERA. E LA DONNA. NELLA LITURGIA E PIETÀ POPOLARE. BEATO FRANCESCO PALAU, MARIA FIGURA DELLA CHIESA. AFFIDAMENTO A MARIA IN GRIGNION DE MONFORT. | ||
| 501 | _aSocietà San Paolo EM - Piazza San Paolo, 14 - 12051 ALBA (CN) (non commercial uses only) ® Copyright 2017 | ||
| 520 | _aTONIOLO L.E. MORICONI G.B. MORETTI R. ANCILLI E. MARA M.G. CAMOSSI D. SPIRITUALITÀ MARIANA SECONDO "LA MADRE DEL REDENTORE". MARIA E LA STORIA DELLA SALVEZZA. SPIRITUALITÀ ORIENTALE. CAPOLAVORO DELLO SPIRITO. CAMMINO DI FEDE. PREGHIERA. E LA DONNA. NELLA LITURGIA E PIETÀ POPOLARE. BEATO FRANCESCO PALAU, MARIA FIGURA DELLA CHIESA. AFFIDAMENTO A MARIA IN GRIGNION DE MONFORT. | ||
| 650 | _aASCETICA E MISTICA | ||
| 942 | _cCR | ||
| 957 | _71 | ||
| 999 |
_a32358 _bNO _g1 _c322872 _d322872 |
||